000 00467cam a2200193 4500
001 D6588
008 090401t1977 xxu||||| |||| 00| 0 eng d
035 _a(Sirsi) u94073
041 _aeng
050 _a692.5
100 _aWheatley, N.R (ed)
245 _aLaxton`s building price book 1977
250 _a149th
260 _aKingston-Upon-Thame s
_bKelly`s Directories
_c1977
300 _axxiv. 387p. 30cm
350 _a7
942 _n0
948 _c04/03/1997
999 _c97897
_d97897